000 00736nam a22002417a 4500
003 UA-OsUOA
001 45314
007 ta
008 20110930b un ||||| |||| 00| 0 ukr d
100 _aТранквилл Гай Светоний
090 _a929/(94(100)
_bТ65
942 _cBK
040 _aUA-OsUOA
_brus
_cUA-OsUOA
_dUA-OsUOA
245 _aЖизнь двенадцати Цезарей
300 _a370 с.
955 _a4
041 _arus
080 _a929/(94(100)
260 _aМосква
_bНаука
_c1964
650 7 _a9 Географія. Біографії. Історія
_2UDC
999 _c425420
_d425420